| 000 | 00547nam a22001937a 4500 | ||
|---|---|---|---|
| 003 | OSt | ||
| 005 | 20140310181715.0 | ||
| 008 | 121214t xxu||||| |||| 00| 0 eng d | ||
| 020 | _a9715420389 | ||
| 050 |
_aGR 325 _b.D362 1994 |
||
| 082 |
_aFIL 398.21599 _bDe384 1994 |
||
| 100 | _aDe Los Reyes, Isabelo | ||
| 245 |
_aEl folk-lore Filipino / _cIsabelo de los Reyes. |
||
| 260 |
_aDiliman, Quezon City : _bUniversity of the Philippines Press, _c1994. |
||
| 300 |
_axviii, 639 p. : _c23 cm. |
||
| 562 | _e1 | ||
| 942 |
_2lcc _cBK |
||
| 999 |
_c1741 _d1741 |
||